000 01270nam a2200241 i 4500
001 bg
245 0 0 _aRestrukturyzacja gospodarki polskiej a proces integracji z Unią Europejską /
_c[red. nauk. Jan Szczygielski].
246 1 1 _aRestructuring of Polish economy and the process of integration with European Union
260 _aWrocław :
_bOficyna Wydawnicza PW,
_c1999.
300 _a177, [1] s. :
_bil. ;
_c24 cm.
490 1 _aPrace Naukowe Instytutu Nauk Ekonomiczno-Społecznych Politechniki Wrocławskiej. Studia i Materiały =
_aScientific Papers of the Institute of Economic and Social Sciences of the Technical University of Wrocław. Studies and Research,
_x0239-3212 ;
_v22
500 _aTyt. równol. : Restructuring of Polish economy and the process of integration with European Union. - Nr serii gł.: 57.
504 _aBibliogr. przy pracach.
650 9 _aUnia Europejska a Polska
_xgospodarka
650 9 _aPolska a Unia Europejska
_xgospodarka
700 1 _aSZCZYGIELSKI, Jan.
_eRed.
830 0 _aPrace Naukowe Instytutu Nauk Ekonomiczno-Społecznych Politechniki Wrocławskiej.
_pStudia i Materiały ;
_v22
040 _cBPK
041 0 _apl
080 _a338.22(438:4-67)"1989/..."
942 _cKS
008 s pl f |000 0 pol
999 _c38884
_d38884
856 _uhttp://koha.tu.koszalin.pl/cgi-bin/koha/opac-detail.pl?biblionumber=38884
_yKatalog online BPK